|
|
|
|
| LEADER |
00924nam a2200217 i 4500 |
| 003 |
GR-PaULI |
| 005 |
20210117210817.0 |
| 008 |
190117t1952 fr |||g |||| 000 0 fre d |
| 952 |
|
|
|0 0
|1 0
|2 ddc
|4 0
|6 153_450000000000000_RUY
|7 0
|9 229213
|a LISP
|b LISP
|c BSC
|d 2019-01-17
|i 002124
|l 0
|o 153.45 RUY
|p 025000087967
|r 2019-01-17 00:00:00
|t 1
|v 2019.00
|w 2019-01-17
|y BK15
|x Μεταφορά Τμήματος Φιλολογίας
|
| 999 |
|
|
|c 139139
|d 139139
|
| 040 |
|
|
|a GR-PaULI
|b gre
|c GR-PaULI
|e AACR2
|
| 082 |
0 |
4 |
|2 23
|a 153.45
|
| 100 |
1 |
|
|9 173216
|a Ruyer, Raymond,
|d 1902-1987
|e συγγραφέας.
|
| 245 |
1 |
0 |
|a Philosophie de la valeur /
|c par Raymond Ruyer.
|
| 260 |
|
|
|a Paris :
|b Colin,
|c c1952.
|
| 300 |
|
|
|a 217 σ. ;
|c 16 εκ.
|
| 490 |
1 |
|
|a Collection Armand Colin ;
|v 277
|
| 504 |
|
|
|a Περιλαμβάνει βιβλιογραφία.
|
| 830 |
|
0 |
|9 173217
|a Collection Armand Colin
|v 277.
|
| 942 |
|
|
|2 ddc
|c BK15
|
| 998 |
|
|
|c ΒΑΣΙΛΕΙΟΥ
|d 2019-01
|